| 000 | 00529nam a2200193 i 4500 | ||
|---|---|---|---|
| 001 | 80453 | ||
| 003 | ES-MaACL | ||
| 005 | 20230906174222.0 | ||
| 007 | t| | ||
| 008 | 041028s1957 sp ||||1| spa d | ||
| 100 | 1 |
_aHilton, James. _963738 |
|
| 245 | 1 | 0 | _aObras de James Hilton. |
| 260 |
_aBarcelona : _bJosé Janés, _c[1957] ( _fMiguza) |
||
| 300 |
_a1586 p. : _bretr. aut. ; _c17 cm. |
||
| 490 | 1 | _aMaestros de hoy | |
| 830 | 0 |
_aMaestros de hoy _9182411 |
|
| 852 |
_aES-MaACL _jC-15206 _bR.41085 |
||
| 999 |
_c80453 _d80453 |
||